Clinical Logbook for B.Sc Nursing programme Prepared as per Revised Syllabus of BSc nursinh (Record no. 366234)

MARC details
000 -LEADER
fixed length control field 00523nam a22001817a 4500
005 - DATE AND TIME OF LATEST TRANSACTION
control field 20250506150855.0
008 - FIXED-LENGTH DATA ELEMENTS--GENERAL INFORMATION
fixed length control field 250506b |||||||| |||| 00| 0 eng d
020 ## - INTERNATIONAL STANDARD BOOK NUMBER
International Standard Book Number 978-81-947143-4-7
041 ## - LANGUAGE CODE
Language code of text/sound track or separate title Eng
082 ## - DEWEY DECIMAL CLASSIFICATION NUMBER
Classification number 610
100 ## - MAIN ENTRY--PERSONAL NAME
Author P.Balakrishnan
245 ## - TITLE STATEMENT
Title Clinical Logbook for B.Sc Nursing programme Prepared as per Revised Syllabus of BSc nursinh
260 ## - PUBLICATION, DISTRIBUTION, ETC.
Place of publication, distribution, etc. Raipur
Name of publisher, distributor, etc. A & V publication
Date of publication, distribution, etc. 2024
300 ## - PHYSICAL DESCRIPTION
Extent 69 P
365 ## - TRADE PRICE
Price type code Rs
Price amount 190
Currency code Rs
650 ## - SUBJECT ADDED ENTRY--TOPICAL TERM
Topical term or geographic name entry element Fundamental of Nursing
942 ## - ADDED ENTRY ELEMENTS (KOHA)
Koha item type Donated Book
Holdings
Withdrawn status Lost status Source of classification or shelving scheme Damaged status Not for loan Home library Current library Date acquired Vendor Net Price Full call number Barcode Date last seen Actual Price Bill Date Koha item type
    Dewey Decimal Classification     Sitabai Nargundkar College of Nursing Nagpur Sitabai Nargundkar College of Nursing Nagpur 26/09/2025 Donated By Payal Omprakash Tembhurne 190.00 610 SNCN-DB-295 06/05/2025 190.00 26/06/2025 Donated Book